000 00250nam a22001097a 4500
008 170125b xxu||||| |||| 00| 0 eng d
020 _a9780805334975
041 _aeng
080 _25TH
_a618.2
245 _aCLINICAL COMPANION
_cKOZIER
942 _2udc
_cBK
999 _c3576
_d3576